header

Understanding qualitative research and ethnomethodology (Record no. 157939)

MARC details
000 -LEADER
fixed length control field 01257nam a22003254a 4500
082 04 - DEWEY DECIMAL CLASSIFICATION NUMBER
Classification number 305.8/0072
100 1# - MAIN ENTRY--AUTHOR NAME
Personal name Have, Paul ten,
245 10 - TITLE STATEMENT
Title Understanding qualitative research and ethnomethodology
260 ## - PUBLICATION, DISTRIBUTION, ETC. (IMPRINT)
Place of publication London ;
-- Thousand Oaks, CA :
Name of publisher Sage Publications,
Year of publication 2004.
300 ## - PHYSICAL DESCRIPTION
Number of Pages xi, 199 p.
650 #0 - SUBJECT ADDED ENTRY--TOPICAL TERM
Topical Term Ethnomethodology
Topical Term Qualitative research.
Topical Term Ethnology
856 40 - ELECTRONIC LOCATION AND ACCESS
Uniform Resource Identifier http://site.ebrary.com/lib/rucke/Doc?id=10080971

No items available.

© 2026 Rongo University
Contact us: librarian | system librarian | Rongo university